01075nam a2200277Ia 4500001001200000003000800012006001900020007001500039008004100054020001800095020001800113040002100131035002100152050002200173245009000195260005700285300001400342504004100356533015200397650002000549650002800569655002900597700002800626710001700654856012600671ebr10610308CaPaEBRm u cr cn|||||||||030506s2012 cau sb 000 0 eng d z9781608052349 z9781608054312 aCaPaEBRcCaPaEBR a(OCoLC)82085882414aRL85b.D47 2012eb00aDermatological treatments h[electronic resource] /cedited by Alberto Conde-Taboada. a[SAIF Zone, Sharjah, UAE :bBentham Science,c2012.] av, 513 p. aIncludes bibliographical references. aElectronic reproduction.bPalo Alto, Calif. :cebrary,d2011.nAvailable via World Wide Web.nAccess may be limited to ebrary affiliated libraries. 0aSkinxDiseases. 0aSkinxCare and hygiene. 7aElectronic books.2local1 aConde-Taboada, Alberto.2 aebrary, Inc.40uhttp://site.ebrary.com/lib/rucke/Doc?id=10610308zAn electronic book accessible through the World Wide Web; click to view